[Event "Iberoamerican-ch 7th"]
[Site "Linares"]
[Date "2019.08.11"]
[Round "2"]
[White "Vara Soler, Luis"]
[Black "Vallejo Pons, Francisco"]
[Result "0-1"]
[WhiteElo "1747"]
[BlackElo "2678"]
[PlyCount "66"]
[EventDate "2019.08.10"]
[EventType "swiss"]
[EventRounds "9"]
[EventCountry "ESP"]
[SourceTitle "CBM 191 Extra"]
[Source "ChessBase"]
[SourceDate "2019.09.30"]
[SourceVersion "1"]
[SourceVersionDate "2019.09.30"]
[SourceQuality "1"]

1. e4 c5 2. Nf3 e6 3. d4 cxd4 4. Nxd4 a6 5. Nc3 b5 6. g3 b4 7. Nce2 Nf6 8. Bg2 Bb7 9. Qd3 d6 10. 0-0 Nbd7 11. Nb3 Be7 12. h3 0-0 13. f4 a5 14. Be3 a4 15. Nbd4 Nc5 16. Qb5 Rb8 17. Qxb4 Bxe4 18. Qe1 Bxg2 19. Kxg2 Rxb2 20. Kh2 Qa8 21. Bc1 Rbb8 22. Nc3 Rfc8 23. Be3 Nfe4 24. Nxe4 Nxe4 25. Qe2 Bf6 26. Rae1 Rb2 27. Bc1 Rxa2 28. Qxe4 Bxd4 29. Qxa8 Rxa8 30. Re2 Rc8 31. Rd1 Rcxc2 32. Rxc2 Rxc2+ 33. Kh1 Bc5 0-1

[Event "Andalucia-chB"]
[Site "Roquetas de Mar"]
[Date "2017.05.21"]
[Round "6"]
[White "Vara Soler, Luis"]
[Black "Ramirez Sanchez, Nicolas"]
[Result "1/2-1/2"]
[WhiteElo "1481"]
[BlackElo "1471"]
[PlyCount "59"]
[EventDate "2017.05.19"]
[EventType "swiss"]
[EventRounds "6"]
[EventCountry "ESP"]
[SourceTitle "EXT 2020"]
[Source "ChessBase"]
[SourceDate "2019.10.17"]
[SourceVersion "1"]
[SourceVersionDate "2019.10.17"]
[SourceQuality "1"]

1. e4 e5 2. Nf3 Nf6 3. Nxe5 Nxe4 4. Qe2 Qe7 5. Nf3 Nc6 6. Nc3 Nxc3 7. dxc3 d5 8. Qxe7+ Bxe7 9. Bf4 Bd8 10. 0-0-0 Be6 11. Bb5 f6 12. Rhe1 Kf7 13. h4 Rc8 14. Rd2 Re8 15. Nd4 Bd7 16. Rxe8 Kxe8 17. Re2+ Kf7 18. Nxc6 Bxc6 19. Bd3 h6 20. h5 Bd7 21. Bg6+ Kf8 22. Kd2 Be7 23. f3 c6 24. a4 a6 25. a5 Be8 26. Bf5 Ra8 27. g4 Bf7 28. Be6 Bxe6 29. Rxe6 Kf7 30. Re1 1/2-1/2

[Event "Andalucia-chB"]
[Site "Roquetas de Mar"]
[Date "2017.05.20"]
[Round "2"]
[White "Vara Soler, Luis"]
[Black "Maldonado Mena, German"]
[Result "0-1"]
[WhiteElo "1481"]
[BlackElo "1598"]
[PlyCount "58"]
[EventDate "2017.05.19"]
[EventType "swiss"]
[EventRounds "6"]
[EventCountry "ESP"]
[SourceTitle "EXT 2020"]
[Source "ChessBase"]
[SourceDate "2019.10.17"]
[SourceVersion "1"]
[SourceVersionDate "2019.10.17"]
[SourceQuality "1"]

1. e4 e5 2. Nf3 Nc6 3. Bb5 a6 4. Ba4 Nf6 5. 0-0 b5 6. Bb3 Be7 7. Re1 d6 8. h3 Na5 9. c3 Nxb3 10. axb3 c5 11. d4 Qc7 12. d5 0-0 13. Nbd2 h6 14. Nf1 Re8 15. Ng3 Bf8 16. Be3 g6 17. Qd2 Kh7 18. Ra2 Ng8 19. Qc2 Bg7 20. Nd2 Kh8 21. Raa1 Rf8 22. Rf1 f5 23. f4 Ne7 24. Rf3 exf4 25. Bxf4 g5 26. Nh5 gxf4 27. Nxg7 Kxg7 28. Rxf4 Ng6 29. Rf3 f4 0-1